[Event "Heraklio SOI op 11th"]
[Site "Heraklion"]
[Date "2014.04.23"]
[Round "4"]
[White "Aggeletos, Marios"]
[Black "Treptow, Boris"]
[Result "0-1"]
[WhiteElo "1861"]
[BlackElo "1000"]
[PlyCount "46"]
[EventDate "2014.04.21"]
[EventType "swiss"]
[EventRounds "7"]
[EventCountry "GRE"]
[SourceTitle "EXT 2024"]
[Source "ChessBase"]
[SourceDate "2023.10.10"]
[SourceVersion "1"]
[SourceVersionDate "2023.10.10"]
[SourceQuality "1"]

1. d4 Nf6 2. Nf3 d6 3. g3 g6 4. Bg2 Bg7 5. 0-0 a6 6. c4 c6 7. Nc3 Bf5 8. Qb3 Qc8 9. Ng5 h6 10. e4 Bg4 11. Nf3 Ra7 12. e5 dxe5 13. Nxe5 Bh3 14. Be3 Bxg2 15. Kxg2 Nbd7 16. Rad1 h5 17. d5 Nxe5 18. Bxa7 h4 19. Ne2 hxg3 20. Qxg3 Ne4 21. Qf4 Qh3+ 22. Kh1 g5 23. Ng1 Qh5 0-1